000
00318nam a2200145Ia 4500
100
_a
Jagtap/ Subhash
942
_c
BK
654
_a
Advanced costing
245
_a
Practice in Advanced Costing
260
_b
Nirali prakashan
_c
1992
082
_a
658.152
_b
JAG
300
_a
738
546
_a
ENGLISH
999
_c
26111
_d
26111